[Event "Peterborough 4NCL Easter U1700 op"]
[Site "Peterborough"]
[Date "2024.04.01"]
[Round "6"]
[White "Goldsmith, Jennifer"]
[Black "Morris, Nigel W"]
[Result "0-1"]
[WhiteElo "1561"]
[BlackElo "1651"]
[PlyCount "46"]
[EventDate "2024.03.29"]
[EventType "swiss"]
[EventRounds "7"]
[EventCountry "ENG"]
[SourceTitle "CB14_2024"]
[SourceDate "2024.04.01"]
[SourceVersion "1"]
[SourceVersionDate "2024.04.01"]
[SourceQuality "1"]

1. c4 e5 2. Nc3 Nc6 3. Nf3 g6 4. e4 Bg7 5. d3 d6 6. Be2 Nge7 7. 0-0 0-0 8. a3 a5 9. Rb1 f5 10. Qb3 Kh8 11. Rd1 h6 12. Qc2 f4 13. g3 g5 14. b3 Ng6 15. Bb2 g4 16. Ne1 Nd4 17. Qd2 Nxb3 18. Qc2 Nd4 19. Qc1 fxg3 20. hxg3 Qf6 21. Qe3 h5 22. Nd5 Qf7 23. Nc2 Nxc2 0-1

[Event "ENG-ch Seniors 65"]
[Site "Leamington Spa"]
[Date "2023.05.04"]
[Round "1"]
[White "Morris, Nigel W"]
[Black "Myall, Ivan J"]
[Result "0-1"]
[WhiteElo "1363"]
[BlackElo "1924"]
[PlyCount "53"]
[EventDate "2023.05.04"]
[EventType "swiss"]
[EventRounds "7"]
[EventCountry "ENG"]
[SourceTitle "CBM 214 Extra"]
[Source "ChessBase"]
[SourceDate "2023.07.31"]
[SourceVersion "1"]
[SourceVersionDate "2023.07.31"]
[SourceQuality "1"]

1. Nf3 d5 2. c4 c6 3. d4 e6 4. e3 Nf6 5. Be2 Nbd7 6. 0-0 Ne4 7. Nbd2 f5 8. Ne1 Bd6 9. f4 Ndf6 10. c5 Be7 11. Ndf3 Bd7 12. Qc2 0-0 13. Rb1 Ng4 14. Nd3 Bh4 15. Nxh4 Qxh4 16. Bxg4 fxg4 17. Ne5 Be8 18. b4 Rf5 19. g3 Qh5 20. a4 Rxe5 21. fxe5 Bg6 22. Qb2 Ng5 23. Ra1 Nh3+ 24. Kg2 Be4+ 25. Rf3 gxf3+ 26. Kf1 Bd3+ 27. Ke1 0-1

[Event "Leamington Spa 4NCL op-C 28th"]
[Site "Leamington Spa"]
[Date "2022.07.10"]
[Round "4"]
[White "Morris, Nigel W"]
[Black "Gregory, Gerald"]
[Result "1-0"]
[WhiteElo "1619"]
[BlackElo "1385"]
[PlyCount "158"]
[EventDate "2022.07.08"]
[EventType "swiss"]
[EventRounds "5"]
[EventCountry "ENG"]
[SourceTitle "CBM 209 Extra"]
[Source "ChessBase"]
[SourceDate "2022.09.30"]
[SourceVersion "1"]
[SourceVersionDate "2022.09.30"]
[SourceQuality "1"]

1. c4 c5 2. Nc3 Nc6 3. e4 Nf6 4. g3 e6 5. Bg2 Nb4 6. d3 Be7 7. a3 Nc6 8. Nge2 0-0 9. 0-0 d5 10. cxd5 exd5 11. exd5 Ne5 12. f4 Ned7 13. Rb1 Nb6 14. Qb3 Bd6 15. a4 a5 16. Nb5 Re8 17. Nxd6 Qxd6 18. Nc3 Bf5 19. Nb5 Qd8 20. d6 Be6 21. Qc2 Bd5 22. Nc7 Bxg2 23. Kxg2 Qxd6 24. Nxa8 Rxa8 25. b3 Rd8 26. Bd2 Nbd5 27. Rbe1 Qc6 28. Kg1 Qb6 29. Qc4 Nb4 30. Bxb4 cxb4+ 31. Kh1 Ng4 32. Re7 Qc6+ 33. Qxc6 bxc6 34. Kg2 Kf8 35. Rfe1 Nf6 36. R7e3 Nd5 37. Rf3 Nc7 38. Re5 Nd5 39. Kf2 f6 40. Re6 Rc8 41. Ke1 Kf7 42. Re2 Nc3 43. Rd2 Re8+ 44. Kf2 Rd8 45. Re3 Nd5 46. Re1 Nc3 47. f5 Rd6 48. Kf3 h5 49. g4 hxg4+ 50. Kxg4 Rd4+ 51. Kg3 Rd6 52. d4 Kf8 53. Kg4 Kf7 54. h4 c5 55. Re6 Rd5 56. Kf4 cxd4 57. Rd3 Rd8 58. Ra6 Rd5 59. Re6 Rd8 60. Ra6 Nd5+ 61. Kf3 Nc3 62. Rxa5 Rd6 63. Rc5 Ke7 64. Rc4 Rd5 65. Kg4 Ne2 66. Rxb4 Re5 67. Rbxd4 Nxd4 68. Rxd4 Ra5 69. Rb4 Kd6 70. Rb5 Ra6 71. Kh5 Kc6 72. Kg6 Ra7 73. h5 Rc7 74. h6 gxh6 75. Kxh6 Kd6 76. Kg6 Ke7 77. a5 Ra7 78. b4 Rc7 79. a6 Ra7 1-0

[Event "ENG Chessable-ch Seniors 65+"]
[Site "Kenilworth"]
[Date "2022.05.06"]
[Round "4"]
[White "Hibbitt, Arthur M"]
[Black "Morris, Nigel W"]
[Result "0-1"]
[WhiteElo "1730"]
[BlackElo "1397"]
[PlyCount "54"]
[EventDate "2022.05.04"]
[EventType "swiss"]
[EventRounds "7"]
[EventCountry "ENG"]
[SourceTitle "CBM 208 Extra"]
[Source "ChessBase"]
[SourceDate "2022.07.31"]
[SourceVersion "1"]
[SourceVersionDate "2022.07.31"]
[SourceQuality "1"]

1. d3 Nf6 2. Nf3 d6 3. e4 Nc6 4. Nc3 g6 5. h3 Bg7 6. Bg5 0-0 7. Qd2 e5 8. Be2 Be6 9. Nh4 Qd7 10. Bh6 Bxh6 11. Qxh6 Nd4 12. 0-0-0 b5 13. f4 b4 14. fxe5 dxe5 15. Nf5 Bxf5 16. exf5 bxc3 17. Bg4 cxb2+ 18. Kb1 Nxf5 19. Qg5 Nd5 20. Qd2 Nde7 21. h4 Qd4 22. Bf3 Rad8 23. g4 Ne3 24. h5 Nxd1 25. Bxd1 Qf4 26. Qe1 g5 27. Kxb2 Rb8+ 0-1

[Event "ENG Chessable-ch Seniors 65+"]
[Site "Kenilworth"]
[Date "2022.05.04"]
[Round "1"]
[White "Morris, Nigel W"]
[Black "De Coverly, Roger D"]
[Result "0-1"]
[WhiteElo "1397"]
[BlackElo "1852"]
[PlyCount "48"]
[EventDate "2022.05.04"]
[EventType "swiss"]
[EventRounds "7"]
[EventCountry "ENG"]
[SourceTitle "CBM 208 Extra"]
[Source "ChessBase"]
[SourceDate "2022.07.31"]
[SourceVersion "1"]
[SourceVersionDate "2022.07.31"]
[SourceQuality "1"]

1. c4 Nf6 2. Nc3 g6 3. d4 Bg7 4. e4 d6 5. Be2 0-0 6. Be3 Na6 7. g4 e5 8. d5 Nc5 9. Bf3 a5 10. g5 Nfd7 11. Nge2 Nb6 12. b3 f5 13. gxf6 Qxf6 14. Bg2 Bg4 15. Qd2 Bf3 16. Bxf3 Qxf3 17. Ng3 h5 18. h4 a4 19. Rb1 axb3 20. axb3 Ra3 21. Bxc5 dxc5 22. Rg1 Nxc4 23. bxc4 Rxc3 24. Rxb7 Bh6 0-1

[Event "Daventry 4NCL Easter op-C 2nd"]
[Site "Daventry"]
[Date "2022.04.17"]
[Round "5"]
[White "Morris, Nigel W"]
[Black "Wilson, Jeff"]
[Result "1-0"]
[WhiteElo "1587"]
[BlackElo "1447"]
[PlyCount "72"]
[EventDate "2022.04.15"]
[EventType "swiss"]
[EventRounds "7"]
[EventCountry "ENG"]
[SourceTitle "CBM 207 Extra"]
[Source "ChessBase"]
[SourceDate "2022.05.31"]
[SourceVersion "1"]
[SourceVersionDate "2022.05.31"]
[SourceQuality "1"]

1. c4 Nf6 2. Nc3 e6 3. e4 d6 4. d4 Nbd7 5. Be2 e5 6. d5 h6 7. Be3 Be7 8. Rc1 0-0 9. b4 a6 10. Nf3 Re8 11. Nd2 Nf8 12. c5 dxc5 13. bxc5 Ng6 14. 0-0 Bf8 15. Nc4 Nf4 16. Bf3 g5 17. g3 Ng6 18. Qe2 g4 19. Bg2 h5 20. Rfd1 Nh7 21. d6 Be6 22. Nd5 Bxd5 23. Rxd5 c6 24. Rd3 f6 25. h3 Rb8 26. hxg4 h4 27. Nb6 Re6 28. Rcd1 Bg7 29. Qf3 Nhf8 30. d7 hxg3 31. Qxg3 Ne7 32. Bh3 Neg6 33. g5 Re7 34. gxf6 Bxf6 35. Bh6 Kf7 36. Rd6 Bg7 1-0

[Event "Telford 4NCL U1825 op"]
[Site "Telford"]
[Date "2018.11.04"]
[Round "8"]
[White "Pert, Max P"]
[Black "Morris, Nigel W"]
[Result "1-0"]
[WhiteElo "1393"]
[BlackElo "1455"]
[PlyCount "78"]
[EventDate "2018.10.31"]
[EventType "swiss"]
[EventRounds "9"]
[EventCountry "ENG"]
[SourceTitle "EXT 2021"]
[Source "ChessBase"]
[SourceDate "2020.10.23"]
[SourceVersion "1"]
[SourceVersionDate "2020.10.23"]
[SourceQuality "1"]

1. d4 Nf6 2. Nc3 d5 3. e4 dxe4 4. f3 e6 5. fxe4 Be7 6. Nf3 c6 7. Bd3 Nbd7 8. 0-0 b6 9. Qe1 Bb7 10. Qh4 c5 11. Be3 Nd5 12. Bg5 Bxg5 13. Nxg5 Nxc3 14. bxc3 h6 15. Nf3 Qxh4 16. Nxh4 0-0 17. e5 a6 18. Rab1 Bd5 19. c4 Bc6 20. c3 Rab8 21. Rfe1 Rfd8 22. Re3 a5 23. Rg3 Nf8 24. d5 exd5 25. Nf5 Ng6 26. Rxg6 fxg6 27. Ne7+ Kf7 28. Nxc6 dxc4 29. Bxc4+ Kf8 30. h3 Rdc8 31. Nxb8 Rxb8 32. e6 Ke7 33. Rf1 Rf8 34. Rxf8 Kxf8 35. Kf2 Ke7 36. Kf3 g5 37. Ke4 Kd6 38. Kf5 Ke7 39. a4 Ke8 1-0

[Event "Telford 4NCL U1825 op"]
[Site "Telford"]
[Date "2018.11.02"]
[Round "4"]
[White "Duffell, Andrew"]
[Black "Morris, Nigel W"]
[Result "1-0"]
[WhiteElo "1630"]
[BlackElo "1455"]
[PlyCount "65"]
[EventDate "2018.10.31"]
[EventType "swiss"]
[EventRounds "9"]
[EventCountry "ENG"]
[SourceTitle "CBM 187 Extra"]
[Source "ChessBase"]
[SourceDate "2018.11.04"]
[SourceVersion "1"]
[SourceVersionDate "2018.11.04"]
[SourceQuality "1"]

1. d4 Nf6 2. c4 g6 3. Nc3 Bg7 4. e4 d6 5. f4 0-0 6. Nf3 c5 7. d5 Bg4 8. h3 Bxf3 9. Qxf3 Nfd7 10. Be2 Na6 11. a3 Nc7 12. 0-0 a6 13. a4 Rb8 14. a5 e6 15. Bd2 exd5 16. cxd5 Re8 17. f5 Ne5 18. Qg3 Rf8 19. Bg5 f6 20. Be3 g5 21. h4 h6 22. hxg5 fxg5 23. Na4 Ne8 24. Nb6 Nf6 25. Bf3 Nxf3+ 26. gxf3 Qe8 27. Bd2 Rd8 28. Rab1 Nh5 29. Qg4 Bd4+ 30. Kg2 Kh7 31. Rh1 Nf4+ 32. Bxf4 gxf4 33. Rxh6+ 1-0

[Event "Paignton Morning Thynne op"]
[Site "Torquay"]
[Date "2018.09.07"]
[Round "5"]
[White "Shepherd, Graham C"]
[Black "Morris, Nigel W"]
[Result "1/2-1/2"]
[WhiteElo "1416"]
[BlackElo "1455"]
[PlyCount "66"]
[EventDate "2018.09.03"]
[EventType "swiss"]
[EventRounds "5"]
[EventCountry "ENG"]
[SourceTitle "EXT 2021"]
[Source "ChessBase"]
[SourceDate "2020.10.23"]
[SourceVersion "1"]
[SourceVersionDate "2020.10.23"]
[SourceQuality "1"]

1. d4 Nf6 2. Nf3 g6 3. c4 Bg7 4. e3 d6 5. Be2 0-0 6. Nc3 c5 7. b3 Qa5 8. Bd2 Qc7 9. Rc1 Bf5 10. 0-0 Rd8 11. d5 Bg4 12. h3 Bxf3 13. Bxf3 Nbd7 14. Be2 a6 15. f4 Rab8 16. Bf3 b5 17. g4 bxc4 18. bxc4 Rb2 19. Rc2 Rdb8 20. Rxb2 Rxb2 21. Bc1 Rb8 22. g5 Ne8 23. Qd2 Qa5 24. Ne4 Qc7 25. h4 Rb4 26. Qe2 Nb6 27. Nd2 Na4 28. a3 Rb8 29. h5 Nc3 30. Qd3 Qd7 31. hxg6 fxg6 32. Rf2 Qh3 33. Rg2 Qf5 1/2-1/2

[Event "Torquay Paignton Bloodworth op"]
[Site "Torquay"]
[Date "2018.09.03"]
[Round "2"]
[White "Morris, Nigel W"]
[Black "Chadaway, Stephen M"]
[Result "1/2-1/2"]
[WhiteElo "122"]
[BlackElo "134"]
[PlyCount "73"]
[EventDate "2018.09.02"]
[EventType "swiss"]
[EventRounds "7"]
[EventCountry "ENG"]
[SourceTitle "CBM 187 Extra"]
[Source "ChessBase"]
[SourceDate "2018.11.04"]
[SourceVersion "1"]
[SourceVersionDate "2018.11.04"]
[SourceQuality "1"]

1. d4 b5 2. Nf3 Bb7 3. e3 a6 4. c4 bxc4 5. Bxc4 e6 6. Nc3 d5 7. Bd3 Nf6 8. 0-0 c5 9. a3 Be7 10. Bd2 0-0 11. Rc1 Nbd7 12. Ne5 cxd4 13. exd4 Rc8 14. b4 a5 15. Qb3 axb4 16. axb4 Qb6 17. Nxd7 Nxd7 18. Ne2 Rxc1 19. Rxc1 Rb8 20. b5 Nf6 21. Ra1 Ne8 22. Ba5 Qd6 23. b6 Bd8 24. Ra4 Ra8 25. Nc3 Nf6 26. Nb5 Qc6 27. Nc3 Nd7 28. Bb5 Qd6 29. Bxd7 Qxd7 30. Ra2 Qc6 31. h3 h6 32. Qb4 Ra6 33. Na4 Ra8 34. Nc5 Be7 35. Qc3 Rc8 36. Rc2 Bxc5 37. dxc5 1/2-1/2

[Event "Crawley e2e4 Gatwick Challenger op 10"]
[Site "Crawley"]
[Date "2016.10.30"]
[Round "8"]
[White "Morris, Nigel W"]
[Black "Rogacewicz, Mikolaj"]
[Result "0-1"]
[WhiteElo "1455"]
[BlackElo "1711"]
[PlyCount "48"]
[EventDate "2016.10.26"]
[EventType "swiss"]
[EventRounds "9"]
[EventCountry "ENG"]
[SourceTitle "EXT 2019"]
[Source "ChessBase"]
[SourceDate "2018.10.10"]
[SourceVersion "1"]
[SourceVersionDate "2018.10.10"]
[SourceQuality "1"]

1. c4 Nf6 2. Nc3 g6 3. e4 d6 4. d4 Bg7 5. h3 0-0 6. Bg5 Nbd7 7. Nf3 h6 8. Be3 e5 9. d5 Nh5 10. Qd2 Kh7 11. g4 Nf4 12. Bxf4 exf4 13. Qxf4 f5 14. gxf5 gxf5 15. Bd3 Nc5 16. Bc2 fxe4 17. Bxe4+ Nxe4 18. Qxe4+ Bf5 19. Qh4 Qe8+ 20. Kd2 Bf6 21. Qg3 Bxc3+ 22. Kxc3 Be4 23. Rhe1 Rxf3+ 24. Qxf3 Qh8+ 0-1

[Event "Crawley e2e4 Gatwick Challenger op 10"]
[Site "Crawley"]
[Date "2016.10.28"]
[Round "5"]
[White "Ahluwalia, Amardip"]
[Black "Morris, Nigel W"]
[Result "1-0"]
[WhiteElo "1962"]
[BlackElo "1455"]
[PlyCount "99"]
[EventDate "2016.10.26"]
[EventType "swiss"]
[EventRounds "9"]
[EventCountry "ENG"]
[SourceTitle "EXT 2019"]
[Source "ChessBase"]
[SourceDate "2018.10.10"]
[SourceVersion "1"]
[SourceVersionDate "2018.10.10"]
[SourceQuality "1"]

1. e4 c5 2. Nc3 Nc6 3. f4 g6 4. Nf3 Bg7 5. Bb5 Na5 6. Be2 e6 7. 0-0 a6 8. d3 b5 9. e5 Bb7 10. Ne4 Bxe4 11. dxe4 Nb7 12. f5 exf5 13. exf5 gxf5 14. Ng5 Ne7 15. Bh5 0-0 16. Bxf7+ Rxf7 17. Qh5 Qe8 18. Qxh7+ Kf8 19. Nxf7 Kxf7 20. Bh6 Qh8 21. Qxg7+ Qxg7 22. Bxg7 Kxg7 23. Rad1 Rd8 24. Rf3 Kf7 25. Rh3 c4 26. Rh7+ Ke6 27. Rh6+ Kf7 28. Rxa6 Nc6 29. Rb6 Nba5 30. Rxb5 Ke6 31. Rd6+ Ke7 32. Rg6 Rb8 33. Rxb8 Nxb8 34. Rf6 Nbc6 35. Rxf5 Ke6 36. Rg5 Nxe5 37. h4 Nac6 38. a4 d5 39. Kf1 Kf6 40. Rg3 d4 41. Ke2 Nb4 42. Kd2 d3 43. cxd3 Nbxd3 44. Kc3 Nc5 45. Kb4 Ncd3+ 46. Ka3 Nc5 47. h5 Kf7 48. h6 Ng6 49. h7 Nh8 50. Rg8 1-0

[Event "Crawley e2e4 Gatwick Challenger op 10"]
[Site "Crawley"]
[Date "2016.10.28"]
[Round "4"]
[White "Morris, Nigel W"]
[Black "Wall, Tim"]
[Result "0-1"]
[WhiteElo "1455"]
[BlackElo "2183"]
[PlyCount "66"]
[EventDate "2016.10.26"]
[EventType "swiss"]
[EventRounds "9"]
[EventCountry "ENG"]
[SourceTitle "EXT 2019"]
[Source "ChessBase"]
[SourceDate "2018.10.10"]
[SourceVersion "1"]
[SourceVersionDate "2018.10.10"]
[SourceQuality "1"]

1. d4 d5 2. Nf3 Bf5 3. c4 e6 4. Nc3 Nf6 5. Qb3 Nc6 6. a3 a6 7. cxd5 exd5 8. Bd2 Be7 9. e3 0-0 10. Be2 Re8 11. 0-0 Bd6 12. Rac1 Bg4 13. h3 Bh5 14. Kh1 Na5 15. Qa2 Bxf3 16. Bxf3 Nc4 17. Be1 c6 18. Be2 Nb6 19. Bd3 Bc7 20. Qb1 Qd6 21. g3 h5 22. Ne2 Ne4 23. Bb4 Qe6 24. Kh2 h4 25. Bxe4 hxg3+ 26. Nxg3 dxe4 27. Rc2 Nd5 28. Bd2 g6 29. Kg2 Kg7 30. Rh1 Rh8 31. Qd1 Rh4 32. Rh2 Rah8 33. Qh1 g5 0-1